=LDR 00000nam 2200000 4500 =001 INLIS000000000024711 =005 20130612123259 =008 ***********************************Ind** =035 ##$$0010-061300000024711 =041 ##$$a Ind =082 ##$$a 621 =090 ##$$a 621, Har u =100 ##$$a Haryono, G =245 ##$$a Uraian praktis mengenal motor bakar, G. Haryono =260 ##$$a 1984 $b Semarang =300 ##$$a iv, 92 hlm, ilus, 21 cm =650 ##$$a Motor Bakar =850 ##$$a NBPNMAT